000 007300000a22001930004500
020 _a958-9057-45-4
041 0 _aSPA
082 0 4 _aG 572.9 S3869b
100 1 _aSchultes, Richard Evans
245 1 0 _aEl bejuco del alma : Los médicos tradicionales de la Amazonia colombiana, sus plantas y sus rituales / Richard Evans Schultes, Robert F. Raffauf ; Carlos Uribe Tobón, Traductor
260 _aMedellín, Colombia : Univ. de Antioquia
300 _a284 Pag
500 _aTítulo original : Vine of the soul. Medicine, men their plants and rituals in the colombian Amazonia
001 10371
942 _cBK
999 _c39945
_d39945
336 _atexto
_btxt
_2rdacontent
337 _2rdamedia
_asin mediación
_bn
338 _2rdacarrier
_avolumen
_bnc